[Event "34th Chess Olympiad (men)"]
[Site "Istanbul"]
[Date "2000.11.01"]
[Round "5.61.2"]
[White "Gruska, Vladimir"]
[Black "Carty, Leo"]
[WhiteElo "2000"]
[BlackElo "2000"]
[WhiteCountry "SMR"]
[BlackCountry "ISV"]
[Result "1-0"]

1. d4 d5 2. Nf3 Nf6 3. Bf4 e6 4. e3 Be7 5. Nbd2 a6 6. c3 Nbd7 7. Bd3 c5 
8. a3 h6 9. h3 b5 10. Ne5 Bb7 11. Rc1 Rc8 12. O-O O-O 13. Ndf3 Nb6 14. Ng5 Ne4 
15. Ngf7 Rf7 16. Nf7 Kf7 17. Qh5+ Kg8 18. f3 Qe8 19. Qe8+ Re8 20. fe4 de4 
21. Be2 c4 22. Rc2 Nd5 23. Bg4 Bc8 24. Rd2 a5 25. g3 b4 26. cb4 ab4 27. ab4 Bb4 
28. Ra1 c3 29. bc3 Bc3 30. Ra8 Nf4 31. gf4 Kh7 32. Rc2 
1-0

[Event "34th Chess Olympiad (men)"]
[Site "Istanbul"]
[Date "2000.11.01"]
[Round "5.61.3"]
[White "Babic, Nenad"]
[Black "Righi, Ezio"]
[WhiteElo "2080"]
[BlackElo "2118"]
[WhiteCountry "ISV"]
[BlackCountry "SMR"]
[Result "0-1"]

1. e4 e5 2. Nf3 Nc6 3. Bb5 a6 4. Bc6 dc6 5. d3 f6 6. O-O Bg4 7. Nbd2 Ne7 
8. Qe1 Ng6 9. h3 Be6 10. Kh2 Qd7 11. Ng1 Nf4 12. Nb3 g5 13. Bf4 gf4 
14. f3 O-O-O 15. Rf2 Rg8 16. Qa5 Kb8 17. Nc5 Qd4 18. Na6+ ba6 19. Qe1 Bc5 
20. Re2 Rg3 21. Qf1 Qb2 22. Rd2 Rdg8 23. Re2 Bg1+ 24. Kg1 Bh3 25. Rd1 Qd4+ 
26. Kh2 Bg2 27. Rg2 Rg2+ 28. Qg2 Rg2+ 29. Kg2 Qb2 
0-1

[Event "34th Chess Olympiad (men)"]
[Site "Istanbul"]
[Date "2000.11.01"]
[Round "5.61.4"]
[White "Volpinari, Danilo"]
[Black "Jackson, Francis"]
[WhiteElo "2084"]
[BlackElo "2000"]
[WhiteCountry "SMR"]
[BlackCountry "ISV"]
[Result "1/2-1/2"]

1. d4 d5 2. Nf3 Nc6 3. Bf4 Nf6 4. e3 e6 5. Nbd2 Bd7 6. c3 h6 7. Bd3 Nh5 
8. Qe2 Nf4 9. ef4 Qf6 10. g3 O-O-O 11. b4 Bd6 12. b5 Na5 13. Nb3 b6 14. Na5 ba5 
15. Ne5 Be5 16. de5 Qe7 17. Qe3 c5 18. bc6 Bc6 19. Ba6+ Kb8 20. Rb1+ Ka8 
21. Qd4 Rb8 22. O-O Rb1 23. Rb1 Rb8 
1/2-1/2

[Event "34th Chess Olympiad (men)"]
[Site "Istanbul"]
[Date "2000.11.01"]
[Round "5.62.1"]
[White "Battin, Richard"]
[Black "Murasira, Albert"]
[WhiteElo "2020"]
[BlackElo "2000"]
[WhiteCountry "SEY"]
[BlackCountry "RWA"]
[Result "1-0"]

1. e4 c5 2. Nf3 d6 3. Bc4 h6 4. d4 cd4 5. Nd4 Nf6 6. Nc3 e5 7. Nf3 Bg4 
8. h3 Bh5 9. Be3 Be7 10. g4 Bg6 11. Nh4 Be4 12. Ne4 Ne4 13. Nf5 Qa5+ 14. Kf1 g6 
15. Nh6 Rh6 16. Bh6 g5 17. Qd5 Nd2+ 18. Kg2 Nc4 19. Qc4 Nc6 20. h4 gh4 
21. Be3 Qb4 22. Qb4 Nb4 23. Rhc1 Kd7 24. Kh3 a6 25. a3 Nd5 26. Bd2 Rg8 
27. Re1 Nb6 28. Rad1 Nc4 29. Bc3 Ke6 30. f4 f6 31. f5+ Kf7 32. Re4 Rc8 
33. a4 Nb6 34. Rb4 Nd7 35. Re4 Nc5 36. Rc4 Rd8 37. Rd5 b5 38. ab5 ab5 
39. Rb4 Na6 40. Re4 Nc5 41. Re2 Rb8 42. Bb4 Rc8 43. Bc5 dc5 44. Kh4 b4 
45. Rd7 Ra8 46. Red2 Rc8 47. Rb7 Ra8 48. Rdd7 Re8 49. Kg3 Kf8 50. Kf3 Kf7 
51. Ke4 Kf8 52. Rbc7 Kf7 53. Rc5 Rg8 54. Rcc7 Rg4+ 55. Kf3 Rf4+ 56. Ke3 Rf5 
57. Re7+ Kg6 58. Rg7+ Kh5 59. Rh7+ Kg4 60. Rcg7+ Rg5 61. Rg5+ Kg5 62. Ke4 Kg6 
63. Rh8 Kg7 64. Rh1 Kf7 65. Kf5 Ke7 66. Rh7+ Kd6 67. Kf6 e4 68. Rh5 e3 
69. Re5 e2 70. Re2 Kd5 71. Kf5 Kd4 72. Kf4 
1-0

[Event "34th Chess Olympiad (men)"]
[Site "Istanbul"]
[Date "2000.11.01"]
[Round "5.62.2"]
[White "Rutayisire, Johnson"]
[Black "Renaud, Kenny"]
[WhiteElo "2000"]
[BlackElo "2000"]
[WhiteCountry "RWA"]
[BlackCountry "SEY"]
[Result "0-1"]

1. e4 c5 2. Nf3 e6 3. d4 cd4 4. Nd4 Nc6 5. Nc6 bc6 6. Bd3 Nf6 7. Nc3 d5 
8. ed5 cd5 9. O-O Be7 10. Bd2 O-O 11. b3 e5 12. Qe1 e4 13. Be2 Bb7 14. Bb5 a6 
15. Ba4 Qc7 16. Rc1 Rfd8 17. Ne2 Ng4 18. Ng3 Bc5 19. Kh1 Qb6 20. Be3 Ne3 
21. fe3 Be3 22. Rd1 Bg5 23. Nf5 Bc8 24. Qg3 Qg6 25. Nd4 e3 26. Rde1 Rd6 
27. c3 Ra7 28. Nf3 Bh6 29. Qh4 Qg4 30. Re2 Qh4 31. Nh4 Bg4 32. Nf3 Rc7 
33. h3 Bf3 34. Rf3 Rc3 35. b4 d4 36. Rc2 Rc2 37. Bc2 e2 38. Bd3 e1Q+ 
39. Kh2 Qe5+ 40. Kh1 Rf6 41. Ba6 Rf3 42. gf3 Qe1+ 
0-1

[Event "34th Chess Olympiad (men)"]
[Site "Istanbul"]
[Date "2000.11.01"]
[Round "5.62.3"]
[White "Kimende, Ralph"]
[Black "Minani, Froduald"]
[WhiteElo "2202"]
[BlackElo "2000"]
[WhiteCountry "SEY"]
[BlackCountry "RWA"]
[Result "1-0"]

1. e4 e6 2. d4 d5 3. e5 c5 4. c3 cd4 5. cd4 Bb4+ 6. Bd2 Bd2+ 7. Qd2 Ne7 
8. Nc3 O-O 9. Bd3 Kh8 10. Nf3 Nf5 11. Rc1 a6 12. Bb1 Nc6 13. a3 b5 14. Nb5 ab5 
15. Rc6 Bd7 16. Rc1 Ra4 17. O-O Qb6 18. Qd3 g6 19. Rfd1 Kg7 20. Qd2 b4 
21. Bc2 b3 22. Bf5 ef5 23. Rc5 Be6 24. Rdc1 Qa6 25. Rc6 Qa8 26. Ng5 Re8 
27. Ne6+ Re6 28. Re6 Qa7 29. Re8 Rd4 30. Qe3 Qa4 31. f3 f4 32. Qf2 Rc4 
33. Rc8 Qa6 34. R1c4 dc4 35. Qd4 Qe6 36. Qc4 Qe5 37. Qc3 f6 38. Qe5 fe5 
39. a4 g5 40. a5 
1-0

[Event "34th Chess Olympiad (men)"]
[Site "Istanbul"]
[Date "2000.11.01"]
[Round "5.62.4"]
[White "Murara, Maxence"]
[Black "Payet, Amelie"]
[WhiteElo "2000"]
[BlackElo "2010"]
[WhiteCountry "RWA"]
[BlackCountry "SEY"]
[Result "0-1"]

1. e4 e6 2. d4 d5 3. e5 c5 4. c3 Nc6 5. Nf3 h6 6. b3 Bd7 7. Bd2 cd4 8. cd4 Rc8 
9. Bb5 Nb4 10. Bd7+ Qd7 11. Bb4 Bb4+ 12. Nfd2 Qb5 13. a3 Qa6 14. Ra2 Ne7 
15. Rc2 Rc2 16. Qc2 Bd2+ 17. Qd2 O-O 18. a4 Qb6 19. b4 Nf5 20. a5 Qd4 
21. Qd4 Nd4 22. O-O Rc8 23. Na3 Rc3 24. Ra1 Rb3 25. f4 Rb4 26. Rc1 Ne2+ 
27. Kf2 Nc1 28. Ke3 Rb3+ 29. Kd2 Ra3 30. Kc1 Ra5 
0-1

[Event "34th Chess Olympiad (men)"]
[Site "Istanbul"]
[Date "2000.11.01"]
[Round "5.63.2"]
[White "Berlinsky, Vladimir"]
[Black "Johansen, Darryl K"]
[WhiteElo "2352"]
[BlackElo "2505"]
[WhiteCountry "IBSA"]
[BlackCountry "AUS"]
[Result "1/2-1/2"]

1. e4 c5 2. Nf3 e6 3. d4 cd4 4. Nd4 a6 5. Nc3 b5 6. Bd3 Ne7 7. O-O Nbc6 
8. Be3 Nd4 9. Bd4 Nc6 10. Be3 Be7 11. Qg4 O-O 12. f4 Nb4 13. Rad1 f6 
14. Rf3 Qc7 15. f5 Nd3 16. cd3 b4 17. Na4 ef5 18. ef5 Bb7 19. Rg3 Rf7 
20. Rc1 Qa5 21. Nb6 Rd8 22. Nc4 Qd5 23. Bh6 Bf8 24. h4 Re8 25. Kh2 a5 
26. h5 Ba6 27. Bf4 Qd4 28. b3 Bc4 29. Rc4 Qa1 30. Re4 Re4 31. de4 Bc5 
32. Qe2 Qg1+ 33. Kh3 Bf2 34. Rg4 Qh1+ 35. Bh2 Bg1 36. g3 h6 37. Qg2 Qh2+ 
38. Qh2 Bh2 39. Kh2 d6 40. Rf4 Rc7 41. Rf2 Kf7 42. Kg2 Rc3 43. Re2 Ke7 
44. Kf2 Kd7 45. Re3 Rc2+ 46. Re2 Rc3 47. Re3 Rc1 48. Re1 Rc5 49. g4 Rc3 
50. Re3 Rc1 51. Re1 
1/2-1/2

[Event "34th Chess Olympiad (men)"]
[Site "Istanbul"]
[Date "2000.11.01"]
[Round "5.63.3"]
[White "West, Guy"]
[Black "Dukaczewski, Piotr"]
[WhiteElo "2372"]
[BlackElo "2292"]
[WhiteCountry "AUS"]
[BlackCountry "IBSA"]
[Result "1/2-1/2"]

1. e4 c5 2. b3 e6 3. Bb2 a6 4. Nf3 d6 5. g3 Nc6 6. Bg2 Nf6 7. Qe2 Be7 
8. O-O O-O 9. d3 Rb8 10. Nbd2 e5 11. c3 Re8 12. d4 Bf8 13. d5 Ne7 14. c4 Kh8 
15. Ng5 Kg8 16. f4 Ng6 17. f5 Nh8 18. h4 h6 19. Nh3 Nh7 20. Kh2 Be7 21. Rg1 g6 
22. Raf1 Kg7 23. Rf2 Bd7 24. Nf4 Bf6 25. Nd3 b5 26. Bh3 Rg8 27. fg6 fg6 
28. Rgf1 Bh3 29. Kh3 Nf7 30. Kg2 Rf8 31. h5 Nfg5 32. hg6 Kg6 33. Rh1 Kg7 
34. Qh5 Nf7 35. Rhf1 Qe7 36. Nf3 bc4 37. bc4 Bg5 38. Nh4 Bh4 39. gh4 Nh8 
40. Qg4+ Ng6 41. h5 Qg5 42. Qg5 Ng5 43. hg6 Rf2+ 44. Rf2 Ne4 45. Rf7+ Kg6 
46. Rd7 Kf5 47. Rf7+ Kg6 48. Ra7 Nd2 49. Ra6 Kf5 50. Bc1 Nc4 51. Ra4 Nb6 
52. Rh4 Nd5 53. Rh5+ Ke4 54. Nf2+ Kd4 55. Rh6 Rb6 56. Kf3 Nc3 57. a3 e4+ 
58. Kg2 Ne2 59. Bg5 c4 60. Re6 Nc3 61. Bf6+ 
1/2-1/2

[Event "34th Chess Olympiad (men)"]
[Site "Istanbul"]
[Date "2000.11.01"]
[Round "5.63.4"]
[White "Enjuto Velasco, Roberto"]
[Black "Zhao, Zong"]
[WhiteElo "2172"]
[BlackElo "2341"]
[WhiteCountry "IBSA"]
[BlackCountry "AUS"]
[Result "0-1"]

1. e4 c5 2. Nf3 Nc6 3. d4 cd4 4. Nd4 Nf6 5. Nc3 e5 6. Ndb5 d6 7. Bg5 a6 
8. Na3 b5 9. Bf6 gf6 10. Nd5 f5 11. c3 Bg7 12. ef5 Bf5 13. Nc2 O-O 14. Nce3 Be6 
15. Bd3 f5 16. Qh5 e4 17. Bc2 Ne7 18. O-O-O Rc8 19. Ne7+ Qe7 20. Kb1 b4 
21. Nd5 Qb7 22. cb4 Bd5 
0-1